000 00711nam a2200265 i 4500
001 C2-0257644
003 PPAK
005 20180727224541.0
008 040827s2004 nyu |||| ||||| | eng d
020 _a0060095520
040 _aPPAK
_beng
_cPPAK
_erda
082 0 4 _a823
_223
090 0 0 _a823
_bMAC
_dK
100 1 _aMacDonald, George,
_eauthor
245 1 4 _aThe princess and the goblin
264 1 _aNew York :
_bHarperCollins ,
_c2004
300 _avii, 266 pages ;
_c19 cm
336 _2rdacontent
_atext
337 _2rdamedia
_aunmediated
338 _2rdacarrier
_avolume
490 1 _aCharming classic
650 1 0 _aChildren's stories, English
830 0 _aCharming classic
942 _ddc
_cB
999 _c69424
_d69424